00000000nam##2200000za#4500
0019.645909
003CaOODSP
00520200328192716
007ta
008150407|1995||||xxc|||||     f|0| 0 eng|d
020 |a0-662-23497-9
040 |aCaOODSP|beng
043 |an-cn---
0861 |aP35-85/1995E
1101 |aCanada.|bPublic Works and Government Services Canada. |bReal Property Services Branch.
24510|aSt. Andrews lock and dam : |bLockport, Manitoba / |cIssued by the Real Property Services Branch, Western Region.
260 |aEdmonton - Alberta : |bPublic Works and Government Services Canada. |c1995.
563 |aPamphlet
590 |a95-45|b1995-11-10
69007|aDams|2gcpds
77508|tSt: Andrews lock and dam : |w(CaOODSP)9.645963
77508|tLe barrage-écluse St. Andrews : |w(CaOODSP)9.679526